000 00775nam a2200193Ia 4500
003 GCL
008 140319s9999 xx 000 0 ara d
040 _aGCL /
_cGCL
082 0 4 _a361.907
_bو د
100 1 _aوزارة العمل والشئون الاجتماعية
245 1 0 _aدليل العمل فى مجال الخدمة الاجتماعية /
_cوزارة العمل والشئون الاجتماعية
300 _a49 ص
490 _aالهيئة العامة للاستعلامات
_v0
650 0 4 _aالخدمة الاجتماعية - البحرين
650 0 4 _aالقرية, الخدمة الاجتماعية
650 0 4 _aالتعليم, الخدمة الاجتماعية
650 0 4 _aالخدمة الاجتماعية - ادلة
942 _2ddc
_cBK
999 _c48521
_d48521